University Home | Library Home | Institutional Repository

Historia geral das guerras Angolanas. (Record no. 113869)

MARC details
000 -LEADER
fixed length control field 01145cam7a220026501 4500
001 - CONTROL NUMBER
control field tmp15741592
003 - CONTROL NUMBER IDENTIFIER
control field UPRA
005 - DATE AND TIME OF LATEST TRANSACTION
control field 20190820082929.0
008 - FIXED-LENGTH DATA ELEMENTS--GENERAL INFORMATION
fixed length control field 951017m19401942po por u
035 ## - SYSTEM CONTROL NUMBER
System control number (Sirsi) r92086
035 ## - SYSTEM CONTROL NUMBER
System control number (UPRA)tmp15741592
040 ## - CATALOGING SOURCE
Transcribing agency UPRA
100 1# - MAIN ENTRY--PERSONAL NAME
Personal name Cadornega, Antonio de Oliviera de.
Linkage A51019.1
245 10 - TITLE STATEMENT
Title Historia geral das guerras Angolanas.
260 ## - PUBLICATION, DISTRIBUTION, ETC.
Place of publication, distribution, etc. [Lisboa] :
Name of publisher, distributor, etc. Divis~ao de Publicac~oes e Biblioteca Ag^encia Geral das Colonnias,
Date of publication, distribution, etc. 1940-1942.
500 ## - GENERAL NOTE
General note At head of t.p. : Republica Portuguesa Ministerio das colonias.
505 0# - FORMATTED CONTENTS NOTE
Formatted contents note v. 1. 1680. Anotado e corrigido / por Jose Matias Delgado -- v. 2. 1680. Anotado e corrigido / por Jose Matias Delgado -- v. 3. 1681. Revisto e anotado / por Manuel Alves de Cunha.
600 00 - SUBJECT ADDED ENTRY--PERSONAL NAME
Personal name Angela -- History.
General subdivision Angela -- History.
Linkage S39954.1
700 1# - ADDED ENTRY--PERSONAL NAME
Personal name Delgado, Jose Matias.
Linkage A49037.1
700 1# - ADDED ENTRY--PERSONAL NAME
Personal name Cunha, Manuel Alves da.
Linkage A49038.1
949 ## - LOCAL PROCESSING INFORMATION (OCLC)
a DT602
v VOL. 1
w lcc
i -129514
m MAIN
t BOOK
l ON-SHELF
949 ## - LOCAL PROCESSING INFORMATION (OCLC)
a DT602
v VOL. 3
w lcc
i -129515
m MAIN
t BOOK
l ON-SHELF
949 ## - LOCAL PROCESSING INFORMATION (OCLC)
a DT602
v VOL. 2
w lcc
i -129516
m MAIN
t BOOK
l ON-SHELF

No items available.

© 2026 - The University of Zambia Library - Koha v25.11